000 00870nam a2200313 a 4500
999 _c2156
_d2156
001 015246379
003 Uk
005 20230314082229.0
008 090518s2008 enka 000 1 eng
015 _aGBB1C7320
_2bnb
016 7 _a015246379
_2Uk
020 _a9781906303518
040 _aUk
_beng
_cUk
_dKH8
042 _aukblsr
082 0 4 _a428.6 BAR
_223
100 1 _aBartier, Janet.
_eauthor
245 1 0 _aAbby's art class /
_cwritten by Janet Bartier ; [illustrations & design by CREACES].
260 _aLondon :
_bPopular UK,
_c2008.
300 _a38 p. :
_bcol. ill. ;
_c18 cm.
336 _atext
_2rdacontent
337 _aunmediated
_2rdamedia
338 _avolume
_2rdacarrier
490 0 _aRobin
490 0 _aMy weekend
500 _a"i-Pen readable." --Cover.
650 0 _aReaders (Elementary)
710 2 _aCREACES (Firm)
942 _2ddc
_cNFIC